Central Library OPAC University of Rajshahi

লোকপ্রশাসন তত্ত্ব ও বাংলাদেশ প্রশাসন / (Record no. 37846)

MARC details
000 -LEADER
fixed length control field 00966nam a2200229 a 4500
001 - CONTROL NUMBER
control field 37846
003 - CONTROL NUMBER IDENTIFIER
rucl marc code BD-RjUL
005 - DATE AND TIME OF LATEST TRANSACTION
control field 20211209052652.0
008 - FIXED-LENGTH DATA ELEMENTS--GENERAL INFORMATION
fixed length control field 150801s2003 bg ||||| |||| 00| 0 eng d
020 ## - INTERNATIONAL STANDARD BOOK NUMBER
International Standard Book Number 984408762
035 ## - SYSTEM CONTROL NUMBER
System control number (BD-RjUL)
040 ## - CATALOGING SOURCE
Original cataloging agency BD-RjUL
Language of cataloging eng
Transcribing agency BD-RjUL
041 ## - LANGUAGE CODE
Language code of text/sound track or separate title eng
082 ## - DEWEY DECIMAL CLASSIFICATION NUMBER
Classification number 351.01
Author mark and year RAL 2003
100 ## - MAIN ENTRY--PERSONAL NAME
Personal name রহমান, মোহাম্মদ শামসুর
9 (RLIN) 117248
245 ## - TITLE STATEMENT
Title লোকপ্রশাসন তত্ত্ব ও বাংলাদেশ প্রশাসন /
Statement of responsibility, etc. মোহাম্মদ শামসুর রহমান
260 ## - PUBLICATION, DISTRIBUTION, ETC. (IMPRINT)
Place of publication, distribution, etc. ঢাকা :
Name of publisher, distributor, etc. খান ব্রাদার্স এ্যান্ড কোম্পানি,
Date of publication, distribution, etc. ২০০৩
300 ## - PHYSICAL DESCRIPTION
Pagination ৮৩২ পৃ. ;
Size ২২ সেমি.
650 ## - SUBJECT ADDED ENTRY--TOPICAL TERM
Topical term or geographic name as entry element লোকপ্রশাসন
Form subdivision দর্শন ও তত্ত্ব
9 (RLIN) 117249
Topical term or geographic name as entry element Public Administration
Form subdivision Philosophy and theory
9 (RLIN) 117250
942 ## - ADDED ENTRY ELEMENTS (KOHA)
Source of classification or shelving scheme Dewey Decimal Classification
Koha item type Books
Holdings
Lost status Source of classification or shelving scheme Damaged status Not for loan Collection code Permanent Location Current Location Shelving location Date acquired Source of acquisition Cost, normal purchase price Total Checkouts Full call number Date last seen Date checked out Copy number Koha item type
  Dewey Decimal Classification     Non-fiction Central Library, University of Rajshahi Central Library, University of Rajshahi   18/08/2003 প্রফেসর এম শামসুর রহমান, লোকপ্রশাসন বিভাগ, রা.বি. 350.00 7 B 351.01 RAL 2003 29/04/2019 18/04/2019 C-2 Books
  Dewey Decimal Classification   Not For Loan Non-fiction Central Library, University of Rajshahi Central Library, University of Rajshahi   18/08/2003 প্রফেসর এম শামসুর রহমান, লোকপ্রশাসন বিভাগ, রা.বি. 350.00   B 351.01 RAL 2003 01/08/2015   C-1 Books
  Dewey Decimal Classification     Non-fiction Central Library, University of Rajshahi Central Library, University of Rajshahi Reading Room 18/08/2003 প্রফেসর এম শামসুর রহমান, লোকপ্রশাসন বিভাগ, রা.বি. 350.00 1 B 351.01 RAL 2003 07/09/2015 22/08/2015 C-3 Books
  Dewey Decimal Classification     Non-fiction Central Library, University of Rajshahi Central Library, University of Rajshahi   18/08/2003 প্রফেসর এম শামসুর রহমান, লোকপ্রশাসন বিভাগ, রা.বি. 350.00 2 B 351.01 RAL 2003 12/03/2016 19/12/2015 C-4 Books
  Dewey Decimal Classification     Non-fiction Central Library, University of Rajshahi Central Library, University of Rajshahi   18/08/2003 M.Shamsur Rahaman,R.U. 350.00 2 B 351.01 RAL 2003 21/05/2019 05/05/2019 C-5 Books
  Dewey Decimal Classification     Non-fiction Central Library, University of Rajshahi Central Library, University of Rajshahi   18/08/2003 M.Shamsur Rahaman,R.U. 350.00 2 B 351.01 RAL 2003 03/10/2018 24/09/2018 C-6 Books
  Dewey Decimal Classification     Non-fiction Central Library, University of Rajshahi Central Library, University of Rajshahi   18/08/2003 Prof.AM. Shamsur Rahaman 350.00   B 351.01 RAL 2003 26/12/2016   C-7 Books
  Dewey Decimal Classification     Non-fiction Central Library, University of Rajshahi Central Library, University of Rajshahi   18/08/2003 Prof. AM. Shamsur Rahman, Publicadministration dept. RU. 350.00   B 351.01 RAL 2003 27/12/2016   C-8 Books
  Dewey Decimal Classification     Non-fiction Central Library, University of Rajshahi Central Library, University of Rajshahi   18/08/2003 Prof. AM. Shamsur Rahman, Publicadministration dept. RU. 350.00   B 351.01 RAL 2003 23/01/2017   C-9 Books
  Dewey Decimal Classification     Non-fiction Central Library, University of Rajshahi Central Library, University of Rajshahi   18/08/2003 Prof. AM. Shamsur Rahman, Publicadministration dept. RU. 350.00   B 351.01 RAL 2003 23/01/2017   C-10 Books